An Introduction to Information Theory (Record no. 13741)

MARC details
000 -LEADER
fixed length control field 00376nam a22001577a 4500
003 - CONTROL NUMBER IDENTIFIER
control field OSt
008 - FIXED-LENGTH DATA ELEMENTS--GENERAL INFORMATION
fixed length control field 250925b |||||||| |||| 00| 0 eng d
020 ## - INTERNATIONAL STANDARD BOOK NUMBER
International Standard Book Number 9780486682105
082 ## - DEWEY DECIMAL CLASSIFICATION NUMBER
Classification number 003.54
Item number REI
100 ## - MAIN ENTRY--PERSONAL NAME
Personal name REZA,Fazlollah M
245 ## - TITLE STATEMENT
Title An Introduction to Information Theory
250 ## - EDITION STATEMENT
Edition statement 1st Ed
260 ## - PUBLICATION, DISTRIBUTION, ETC. (IMPRINT)
Place of publication, distribution, etc New Delhi
Name of publisher, distributor, etc Dover
Date of publication, distribution, etc 1994
300 ## - PHYSICAL DESCRIPTION
Extent 496
942 ## - ADDED ENTRY ELEMENTS (KOHA)
Source of classification or shelving scheme Dewey Decimal Classification
Koha item type Reference Books
Holdings
Withdrawn status Lost status Source of classification or shelving scheme Damaged status Not for loan Collection code Home library Current library Date acquired Source of acquisition Currency Cost, normal purchase price Bill Number Total Checkouts Full call number Acc. no. / Barcode Checked out Date last seen Date last borrowed Actual Cost, discounted price Bill Date Koha item type
    Dewey Decimal Classification     B.Tech(ECE) PIET C-LIBRARY PIET C-LIBRARY 25/09/2025 Zaffa Books INR 2042.55 ZBD0268 1 003.54 REI 39767 15/04/2026 27/09/2025 27/09/2025 1429.78 25/09/2025 Text Books

Design & Developed by: PIET Central Library
R70 Miles Stone Pattikalyana Samalkha Panipat 132102
mail ID :- [email protected], Phone No:- 0180-2569700 Ex.216